00504nam a2200133Ia 4500041001200000082001200012100006300024245012500087260006600212300001000278536004600288650001400334650002200348 aEnglish aRR.0304 aRamakrishnan, LalithauPondicherry UniversityvPondicherry 0aStudy of marketing of insurance schemes in Rrural areas with special focus on farmers and women / cLalitha Ramakrishnan aNew Delhi :bIndian Council of Social Science Research,c2014 a229p. aIndian Council of Social Science Research aFarm life aInsurance schemes